000 00459nam a2200181 4500
003 SEACOMEC
005 20260410122102.0
008 260410b |||||||| |||| 00| 0 eng d
020 _a978-9332549357
_c295
040 _aSEACOMEC
082 _a513.5
_bM429
100 _aMathews, John H
245 _aNumerical Methods Using Matlab
_cJohn H Mathews
250 _a4th ed.
260 _aDelhi
_baryan
_c2005
650 _a Environmental Studies
942 _cBOOK
999 _c2646
_d2646